LEADER 01115nam 2200313Ia 450 001 996393756003316 005 20221108025006.0 035 $a(CKB)3810000000005477 035 $a(EEBO)2240955100 035 $a(OCoLC)12172394 035 $a(EXLCZ)993810000000005477 100 $a19850618d1650 uy | 101 0 $aeng 135 $aurbn||||a|bb| 200 14$aThe whole book of Psalms paraphrased or made easier for any to understand$b[electronic resource] $ewith the matter comprehended in each Psalm, respectively collected, and prefixed thereunto, by way of contents /$fby George Abbot, Esquire .. 210 $aLondon $cPrinted by William Bentley$d1650 215 $a[13], 772 p 300 $aNumerous errors in pagination. 300 $aReproduction of original in British Library. 330 $aeebo-0018 700 $aAbbot$b George$f1604-1649.$01002030 801 0$bEAA 801 1$bEAA 801 2$bm/c 801 2$bWaOLN 906 $aBOOK 912 $a996393756003316 996 $aThe whole book of Psalms paraphrased or made easier for any to understand$92374981 997 $aUNISA